000
00284 a2200145 4500
001
165869
020
_a
040
_c
Magnum
100
_a
Viney, Peter
240
1
0
_a
Life lines
_l
ING
245
1
0
_a
Life lines
362
0
_a
1899
697
_a
LITERATURA ESTRANGEIRA
942
_c
BK
999
_c
165869
_d
165869